000 00556nam a2200181Ia 4500
003 GCL
008 140319s9999 xx 000 0 ara d
040 _aGCL /
_cGCL
082 0 4 _a813.01
_bى ط
100 1 _aيوسف القعيد
245 1 0 _aطرح البحر /
_cيوسف القعيد
260 _aالقاهرة :
_bالهيئة المصرية العامة للكتاب
300 _a154 ص ؛
_c19 سم
490 _aروايات الهلال
_v0
650 0 4 _aالادب العربى
650 0 4 _aالقصص العربية
942 _2ddc
_cBK
999 _c40655
_d40655